000 nam a22 a 4500
999 _c4295
_d4295
003 AKMAL
005 20170526154937.0
008 170526t1997 cc g 001 0 eng d
020 _a0717297357 (hbk.)
040 _aAKMAL
082 0 4 _a658.4012 REC
_222
090 0 0 _a658.4012
_bREC
100 1 _aRecord, Matthew
_98369
245 1 0 _aPreparing a business plan :
_bhow to lay the right foundations for business success /
_cMatthew Record
260 _aHong Kong :
_bGrolier Intl.Inc.,
_cc1997
300 _a158p. ;
_c24cm.
490 1 _aGrolier business library
504 _aIncludes bibliographical references and index
650 1 0 _aBusiness planning
_96297
650 2 0 _aStrategic planning
_96200
830 0 _aGrolier business library
_98353
942 _2ddc
_cBOOK
950 _lAKMAL